I diritti del Giappone sulla Corea / (Record no. 133165)

MARC details
000 -LEADER
campo de control de longitud fija 00671nam a2200217 4500
001 - NÚMERO DE CONTROL
campo de control 133165
003 - IDENTIFICADOR DE NÚMERO DE CONTROL
campo de control ES-MaACL
005 - FECHA Y HORA DE LA ÚLTIMA TRANSACCIÓN
campo de control 20230906194334.0
007 - CAMPO FIJO DE DESCRIPCIÓN FÍSICA--INFORMACIÓN GENERAL
campo de control de longitud fija t|
008 - DATOS DE LONGITUD FIJA--INFORMACIÓN GENERAL
campo de control de longitud fija 070214s1910 it r ||||1| ita d
100 1# - ENTRADA PRINCIPAL--NOMBRE DE PERSONA
Nombre de persona Rossi-Toesca, V.
9 (RLIN) 99892
245 10 - MENCIÓN DEL TÍTULO
Título I diritti del Giappone sulla Corea /
Mención de responsabilidad, etc. V. Rossi-Toesca.
260 ## - PUBLICACIÓN, DISTRIBUCIÓN, ETC.
Lugar de publicación, distribución, etc. Roma :
Nombre del editor, distribuidor, etc. Tip. Unione Ed.,
Fecha de publicación, distribución, etc. 1910.
300 ## - DESCRIPCIÓN FÍSICA
Extensión 27 p.
490 1# - MENCIÓN DE SERIE
Mención de serie Biblioteca di studi coloniali ;
Designación de volumen o secuencia 2
500 ## - NOTA GENERAL
Nota general Precede al Tit : Istituto Coloniale Italiano.
710 2# - ENTRADA AGREGADA--NOMBRE DE ENTIDAD CORPORATIVA
Nombre de entidad corporativa o nombre de jurisdicción como elemento de entrada Istituto Coloniale Italiano.
9 (RLIN) 5294
830 0# - PUNTO DE ACCESO ADICIONAL DE SERIE-TÍTULO UNIFORME
Título uniforme Biblioteca di studi coloniali ;
Designación de volumen o secuencia 2
9 (RLIN) 186923
852 ## - LOCALIZACIÓN
Ubicación ES-MaACL
Número de control de estantería T-1361-F-7
Holdings
Estatus retirado Estado de pérdida Estado de daño No para préstamo Colección Biblioteca de origen Biblioteca actual Ubicación en estantería Fecha de adquisición Fuente de adquisición Total de préstamos Signatura topográfica completa Código de barras Visto por última vez Precio de reemplazo Tipo de ítem Koha
        Colección de folletos Biblioteca del Ateneo de Madrid Biblioteca del Ateneo de Madrid Depósito folletos 17/01/2008     T-1361-F-7 1138631 23/02/2023 23/02/2023 Folleto